[Event "EU-ch 12th"]
[Site "Aix les Bains"]
[Date "2011.04.02"]
[Round "11"]
[White "Stevic, Hrvoje"]
[Black "Bologan, Viktor"]
[Result "0-1"]
[WhiteElo "2611"]
[BlackElo "2671"]
[Annotator "Bologan,V"]
[PlyCount "72"]
[EventDate "2011.03.22"]
[EventType "swiss"]
[EventRounds "11"]
[EventCountry "FRA"]
[SourceTitle "CBM 142 Extra"]
[Source "ChessBase"]
[SourceDate "2011.06.27"]
[SourceVersion "1"]
[SourceVersionDate "2011.06.27"]
[SourceQuality "1"]

1. e4 c5 {This was the last round of the European Championship and having +3
both players were forced to play for a win. That's why the choice of 1...c5
was clear from my side. As for my opponent the decision to be taken was much
more difficult as all his life he has been used to playing 2.c3 which is very
well known and analyzed in detail nowadays.} 2. d3 {This may be the only side
line which I didn't revise before the game, which forced me to get into
creative mode as early as the 5th move:} d5 3. exd5 Qxd5 4. Nc3 Qd8 {I think
the strongest is by analogy with 1.d4-d6 2.c4-e5 line is to put the queen on d7
} (4... Qd7 5. Nf3 Nc6 6. g3 b6 7. Bg2 Bb7 8. O-O e6 9. Be3 Rd8 10. a4 Qc8 11.
Nb5 Nf6 12. Nd2 Nd5 13. Nc4 Be7 14. Bg5 f6 15. Bd2 O-O 16. Re1 a6 17. Nc3 {
Stevic H 2621 - Brkic A 2564 , 24.1.2011 ch-CRO} Ndb4 $5 18. Nxb6 Qc7 19. Nc4
Nd4 20. Rc1 Bxg2 21. Kxg2 Qb7+ 22. f3 f5) 5. Nf3 (5. g3 Bd7 6. Bg2 Bc6 7. Nf3
Nf6 8. O-O e6 9. a4 Be7 10. a5 O-O 11. Qe2 b5 12. axb6 {1/2-1/2, Stevic H 2621
- Jankovic A 2564 , 22.1.2011 ch-CRO}) 5... e6 {Novelty! It is not easy
nowadays to surprise someone with a novelty on the 5th move. As I said, I
wanted to avoid the lines which my opponent knows vey well and to get him out
of his confort zone. The idea behind this move is to place the knight not on
f6 but on f5 via e7.} 6. g3 ({During the game I was worried about} 6. d4 {
but after} cxd4 7. Nxd4 a6 {Black is limiting both white knights, so he can
not get use of the development advantage like in the exchange variation of the
French Defence.} 8. Bf4 (8. Bd3 Nf6 9. O-O Be7) 8... Nf6 9. Be2 Bb4 (9... Nbd7
10. O-O e5 11. Re1 Bb4 12. Bf3 O-O 13. Bxe5 Nxe5 14. Rxe5 $14) 10. O-O O-O 11.
Bf3 Nbd7 12. Re1 Re8 $11) 6... Ne7 7. Bg2 Nf5 8. O-O Nc6 9. Ne4 {Targeting the
pawn on c5 and preparing c3 in order to limit both black knights.} Be7 10. c3
h5 $1 {This already is practically forced. I can not allow White to play g4
after which I don't have a comfortable retreat.} (10... O-O 11. g4 Nh6 (11...
Nd6 12. Nxc5) (11... Nh4 12. Nxh4 Bxh4 13. Nxc5) 12. Bxh6 gxh6 13. Ng3 $14) 11.
h4 $5 {White wants to secure himself from any idea of being attacked on the
kingside.} ({After} 11. a3 a5 12. a4 {Black would have an additional option of
h4:} h4 13. Qe2 Qc7 14. Bf4 e5 15. Nxe5 $1 Nxe5 16. d4 cxd4 17. Qb5+ Bd7 18.
Qxe5 Qxe5 19. Bxe5 hxg3 20. hxg3 O-O-O 21. Rfd1 Bc6 22. Bxd4 Nxd4 23. cxd4 Kb8
$14 {/=. With good drawing chances for Black.}) 11... f6 (11... O-O {even by
doing things according rules such as castling etc. Black would not succeed in
equalising.} 12. a3 a5 13. a4 Qd7 14. Nfd2 Qxd3 15. Re1 g6 16. Bf1 Qd5 17. Nc4
Qxd1 18. Rxd1 $14 {with more than enough positional compensation.}) 12. a3 a5 {
If Black doesn't stop b4 then he will get a different kind of trouble linked
with the position of the knight on c6.} (12... b6 13. b4 O-O 14. Ne1 Qe8 15. b5
Na5 16. Nxf6+ Bxf6 17. Bxa8 Bxc3 18. Rb1 Nd4 19. Nf3 Nxb5 20. Ng5 $14) 13. a4
e5 {Little by little Black is trying to take the centre under firm control and
hopes to finish his development.} 14. Qe2 (14. Qb3 Qxd3 15. Nfd2 Nd8 $1 {
followed by ...Be6.}) 14... Be6 15. Be3 b6 (15... Nxe3 16. Qxe3 Qb6 17. Nfd2
O-O 18. Nc4 Bxc4 19. dxc4 f5 20. Ng5 e4 21. f3 $14) 16. Nfd2 Rc8 $6 {It was
more precise to put the queen on c7.} (16... Qc7 17. Nc4 g6 18. Qf3 Rc8 19. Ra3
O-O 20. Rb3 Nxe3 21. Qxe3 Bxc4 22. dxc4 Kg7 23. Nd2 Rcd8 $13) 17. Nc4 O-O $6 {
Completely misconsidering the possibility of taking the pawn on h5.} ({But
even after the best} 17... g6 {White would stay better after} 18. f4 O-O 19.
Rae1 $14) 18. Ra3 $6 {A sensible manoeuvre.} ({The gift is not accepted, after
} 18. Qxh5 {I was calculating} Qxd3 19. Nxb6 Nxe3 {thinking that I have enough
compensation for the exchange, which is precisly true.} 20. Nxc8 Rxc8 (20...
Nxf1 21. Nxe7+ Nxe7 22. Rxf1 $16) 21. fxe3 Qxe3+ 22. Kh2 $16) 18... g6 ({
Also possible was to release the tension immediately after} 18... Nxe3 19. fxe3
Bg4 20. Bf3 Bxf3 21. Qxf3 Qxd3 22. Ned2 (22. Nxb6 Rcd8) 22... Qg6 23. Nxb6 Rcd8
{but my idea was to hold on to as many pieces as long as possible, especialy
since my opponent was approaching severe time-trouble.}) 19. Rb3 Kg7 (19... Nb4
{was proposed after the game by Stevic} 20. cxb4 axb4 21. Ned2 $18) (19... Rb8
{which I was considering is good enough.}) 20. Ned2 {I spent a lot of time on
my previous move so it was ashock for me that after Nfd2 I can not properly
defende the b6 and c6 targets. But in the next few seconds I remembered that I
had prepared for after Nfd2 a temporary piece sacrifice!} Ncd4 $3 {This didn't
take me much time as simply there is no other move for me.} 21. cxd4 cxd4 22.
Bg5 $1 {Otherwise White is simply worse.} (22. Bf4 Bxc4 23. Nxc4 exf4 24. Bh3 {
!} Bb4 25. Bxf5 gxf5 26. Qxh5 Rc5 $13) 22... Bxc4 23. Nxc4 {Perhaps better for
White was to take on f6.} (23. Bxf6+ $1 {In order not to spoil the pawn
structure which is much more important in this position than a pawn.} Rxf6 24.
Nxc4 Bb4 25. Qxe5 Rc5 26. Qe4 Qc7 {the rook on b3 is trapped, but White has
altogether a very solid position.}) 23... fxg5 24. hxg5 {After the game my
opponent confessed that he thought that he was better at this point.} Bb4 $3 {
The key point of the whole black setup. Now not only the rook on b3 but all
other white pieces look to be miscoordinated.} 25. Rxb4 $5 {Trying to clarify
the situation and to ease the play with less pieces in time trouble.} (25.
Qxe5+ {instead was also not enough as in the long term the rook on b3 and the
weakness on g5 will make themselves felt.} Kh7 26. Qd5 (26. Qe4 Qxg5 27. Nxb6
Rc1 28. Qf4 Rxf1+ 29. Bxf1 Qxf4 30. gxf4 Ne7 $19) 26... Qxg5 27. Nxb6 Rcd8 28.
Nd7 Kh6) 25... axb4 26. Qd2 (26. Qxe5+ Kh7 27. Qf4 (27. Qe1 Qxg5 28. Qxb4 h4)
27... Ne3 $19) 26... Rxc4 $1 {Killing a good knight and transposing the game
into an equal (from the material point of view) situation with the initiative
on the black side.} 27. dxc4 h4 {Crushing the white pawn structure which
allows my favourite combination of pieces queen+rook+knight to start the
attack.} 28. g4 Nd6 29. f4 (29. Qxb4 Rf4 {followed by ...Nf7 with a very
strong attack.}) 29... Nxc4 30. Qe1 Ne3 $19 {Now it's over. It looks like
Hrvoje simply missed this move.} 31. Rf3 exf4 32. Qxh4 Rh8 33. Qf2 d3 34. Rxf4
d2 35. Qxe3 d1=Q+ 36. Bf1 Q8d6 0-1

[Event "YUG Cup"]
[Site "Ulcinj"]
[Date "1998.??.??"]
[Round "6"]
[White "Brenjo, Slavisa"]
[Black "Markovic, Miroslav"]
[Result "1/2-1/2"]
[WhiteElo "2450"]
[BlackElo "2540"]
[Annotator "Bulletin"]
[PlyCount "89"]
[EventDate "1998.??.??"]
[EventType "team"]
[EventRounds "7"]
[EventCountry "YUG"]
[SourceTitle "EXT 1999"]
[Source "ChessBase"]
[SourceDate "1998.11.16"]
[SourceVersion "1"]
[SourceVersionDate "1998.11.16"]
[SourceQuality "1"]

1. e4 c5 2. d3 b6 3. g3 Bb7 4. Bg2 h5 5. Nf3 g6 6. O-O Bg7 7. Re1 e5 8. c3 Nc6
9. Nbd2 d6 10. d4 Qc7 11. d5 Nb8 12. a4 Nd7 13. Nc4 Ngf6 14. Bf1 a6 15. b4 O-O
16. Rb1 Rab8 17. Ng5 Bc8 18. b5 axb5 19. Rxb5 Ba6 20. Rb1 b5 21. Na3 b4 22.
Bxa6 bxa3 23. Bb5 Qa5 24. c4 Bh6 25. h4 Qa7 26. Ra1 Ng4 27. f3 Ngf6 28. Rxa3
Nh7 29. a5 Bxg5 30. hxg5 f6 31. gxf6 Ndxf6 32. Bh6 Rf7 33. Qd2 Ne8 34. Bxe8
Rxe8 35. Rb1 Qd7 36. a6 Ra8 37. Rab3 Nf8 38. Rb8 Rxb8 39. Rxb8 Qa4 $1 40. Bxf8
(40. Qg5 Qd1+ 41. Kh2 $8 Qe2+ $11) 40... Rxf8 41. Rxf8+ Kxf8 42. Qh6+ Kf7 43.
a7 Qxc4 44. Kf2 Qc2+ 45. Kg1 1/2-1/2

[Event "URS-ch46 First League"]
[Site "Ashkhabad"]
[Date "1978.??.??"]
[Round "2"]
[White "Sveshnikov, Evgeny"]
[Black "Makarichev, Sergey"]
[Result "1/2-1/2"]
[WhiteElo "2565"]
[BlackElo "2495"]
[Annotator "Bulletin"]
[PlyCount "61"]
[EventDate "1978.10.??"]
[EventType "tourn"]
[EventRounds "17"]
[EventCountry "URS"]
[EventCategory "10"]
[SourceTitle "MCL"]
[Source "ChessBase"]
[SourceDate "1999.07.01"]
[SourceVersion "1"]
[SourceVersionDate "1999.07.01"]
[SourceQuality "1"]

1. g3 c5 2. Bg2 Nc6 3. e4 g6 4. f4 Bg7 5. d3 d6 6. Nf3 e6 7. O-O Nge7 8. c3 O-O
9. Be3 b6 10. d4 cxd4 11. cxd4 Ba6 12. Re1 Rc8 13. Nc3 Na5 (13... Nb4 $2 14.
Qa4 $1) 14. Bf2 Qd7 15. Rc1 Nc4 16. Qe2 Qb7 17. a4 $1 Ne5 18. Nb5 Bxb5 19. axb5
Ng4 $10 20. e5 Qd7 21. Bf1 Nxf2 22. Qxf2 dxe5 23. dxe5 Rxc1 24. Rxc1 Rd8 25.
Rc2 Nd5 26. Ng5 Rc8 27. Ne4 Bf8 28. Qd2 Kg7 29. Qc1 Rxc2 30. Qxc2 Ne3 31. Qd3
1/2-1/2

[Event "Marseille"]
[Site "Marseille"]
[Date "1990.??.??"]
[Round "1"]
[White "Todorcevic, Miodrag"]
[Black "Miralles, Gilles"]
[Result "0-1"]
[WhiteElo "2540"]
[BlackElo "2460"]
[Annotator "Bulletin"]
[PlyCount "50"]
[EventDate "1990.06.??"]
[EventType "tourn"]
[EventRounds "9"]
[EventCountry "FRA"]
[EventCategory "11"]
[SourceTitle "CBM 020"]
[Source "ChessBase"]
[SourceDate "1991.02.01"]
[SourceVersion "1"]
[SourceVersionDate "1991.02.01"]
[SourceQuality "1"]

1. e4 c5 2. d3 Nc6 3. g3 g6 4. Bg2 Bg7 5. f4 d6 6. Nf3 e5 7. O-O Nge7 8. c3 O-O
9. Be3 b6 10. Nbd2 Ba6 {Excellente prÉparation de Miralles dans l'ouverture.
Le schÉma noir a permis de bien maitriser l'ouverture rampante de Todorcevic,
qui en a ÉtouffÉ plus d'un...} 11. Ne1 {(0h44) Menace la poussÉe f5.} exf4 12.
gxf4 {(0h17)} f5 13. Qa4 {Menace 14.exf5, mais 14.Tf2 Était plus solide.} Na5
14. Ndf3 fxe4 15. Qxe4 {Les noirs ont dÉjà une meilleure structure de pions
mais les blancs semblent avoir un bon jeu de pièces.} Nf5 16. Qe6+ Kh8 17. Ng5
Rc8 $3 {RÉfute en beautÉ le plan des blancs.} 18. Rf3 (18. Nf7+ Rxf7 19. Qxf7
Nxe3 $19) 18... Rc7 19. Rh3 {(0h52)} Bf6 {(1h22) Belle prÉcision. Le fou
dÉcouvre la tour c7 qui dÉfend h7, et qui menace accessoirement de se placer
en e7 avec gain de pièce.} 20. b4 {(1h25) Desespoir. Les blancs sont perdus au
bout de 20 coups!} (20. Bd2 Re7 21. Qd5 Bb7 {Et les noirs gagnent du matÉriel.}
) 20... cxb4 {(1h26)} 21. Nc2 {(1h34) Le chateau de carte s'effondre.} Re7 {
(1h42)} 22. Qd5 {(1h38)} Bb7 {(1h43)} 23. Qb5 {(1h39)} Bxg2 {(1h44)} 24. Kxg2
Bxg5 25. fxg5 Rxe3 $1 {(1h45) Une combinette qui met fin а la plaisanterie.
Sur 26.Cxe3 Dxg5+ 27.Rh1 (ou 27.Tg3 Ch4+) Cg3+ gagne la dame blanche.} 0-1

[Event "ROM-GER Kings"]
[Site "Medias"]
[Date "2015.11.02"]
[Round "4.5"]
[White "Marin, Mihail"]
[Black "Wagner, Dennis"]
[Result "0-1"]
[WhiteElo "2580"]
[BlackElo "2575"]
[Annotator "Bulmaga,I"]
[PlyCount "74"]
[EventDate "2015.10.30"]
[EventType "schev"]
[EventRounds "5"]
[EventCountry "ROU"]
[SourceTitle "CBM 169"]
[Source "ChessBase"]
[SourceDate "2015.11.10"]
[SourceVersion "1"]
[SourceVersionDate "2015.11.10"]
[SourceQuality "1"]
[WhiteTeam "Romania"]
[BlackTeam "Germany"]
[WhiteTeamCountry "ROU"]
[BlackTeamCountry "GER"]
[TimeControl "40/5400+30:1800+30"]

1. g3 c5 2. Bg2 g6 3. e4 {Marin wählt eine interessante Zugfolge, um Schwarz
in einen Sizilianer zu locken - Wagner beantwortet 1.e4 in der Regel mit 1.e5.}
Bg7 4. d3 Nc6 5. f4 d6 6. Nf3 e5 7. O-O Nge7 {[#]} 8. f5 $5 gxf5 9. Nh4 {
Sehr originell, aber auch sehr riskant. Weiß will Matt setzen, aber die Frage
ist, ob er genug Figuren hat, die den Angriff auf den schwarzen König
unterstützen können.} f4 10. Qh5 Nd4 11. Na3 Ng6 12. Nf5 Nxf5 13. exf5 Ne7 {
[#]} 14. Bh3 $2 (14. gxf4 $1 Bxf5 15. fxe5 Bg6 16. Qh4 dxe5 17. Bg5 Qd4+ 18.
Qxd4 cxd4 19. Nc4 $44) 14... Rg8 15. gxf4 e4 $17 16. Kh1 exd3 17. Nc4 $6 (17.
cxd3 Bd7 18. Bg2 Bxf5 19. Re1 $17) 17... dxc2 18. Bd2 b5 19. Bg2 bxc4 20. Bxa8
Bxf5 21. Bf3 Bxb2 22. Rae1 Qd7 23. Rf2 Bf6 24. Bd5 Rg6 25. Qf3 Kf8 26. Bxc4 d5
27. Bd3 Bxd3 28. Qxd3 Bh4 29. f5 Nxf5 (29... Bxf2 30. fxg6 Bxe1 31. gxh7 Kg7
32. Bh6+ Kh8 $19) 30. Rxf5 Bxe1 31. Bc1 d4 32. Qf3 Qc6 33. Rxf7+ Ke8 34. Rf8+
Kd7 35. Rf7+ Kc8 36. Rf8+ Kb7 37. Rf7+ Kb6 0-1

[Event "Lopota FIDE GP (Women)"]
[Site "Lopota"]
[Date "2014.06.25"]
[Round "6"]
[White "Hou, Yifan"]
[Black "Ju, Wenjun"]
[Result "1-0"]
[WhiteElo "2629"]
[BlackElo "2532"]
[Annotator "CB"]
[PlyCount "97"]
[EventDate "2014.06.19"]
[EventType "tourn"]
[EventRounds "11"]
[EventCountry "GEO"]
[EventCategory "11"]
[SourceTitle "CBM 161 Extra"]
[Source "ChessBase"]
[SourceDate "2014.08.29"]
[SourceVersion "1"]
[SourceVersionDate "2014.08.29"]
[SourceQuality "1"]

1. e4 c5 2. Ne2 {A way of avoiding the Sveshnikov and a couple of other
annoying lines.} Nf6 $5 {One of the many ways of reacting against White's play.
} 3. Nbc3 d5 4. exd5 Nxd5 5. g3 Nxc3 6. Nxc3 Bd7 7. d4 {New and sharp. Is it
possible that Hou Yifan had analyzed this position before hand?} cxd4 8. Qxd4
Nc6 (8... Bc6 9. Qxd8+ Kxd8 10. Rg1 $14) 9. Qe4 f5 $5 {This sharpens the game
up. The complications that come from this move are not easy to evaluate over
the board.} 10. Qc4 $1 (10. Qe3 Nb4 11. Qe2 Bc6 12. f3 e5 {gives Black some
counterplay.}) 10... Ne5 $6 11. Qd5 $1 Bc6 (11... Nc6 12. Bg2 {is definitely
not what Black had intended.}) 12. Qxe5 Bxh1 13. Be2 $5 (13. Nb5 $1 {This
direct approach was best.} Rc8 14. Nxa7 Rxc2 15. Qxf5 $1 Rc7 16. Bf4 $1 {
Black's rook is suprisingly trapped!} e5 17. Bb5+ $1 Bc6 18. Nxc6 bxc6 19. Qe6+
Qe7 20. Bxc6+ {is winning but this is a nearly impossible variation to
calculate.}) (13. Bf4 {was the stronger human move.} Qd6 $8 (13... Bc6 14. Nb5
Rc8 15. Rd1 $18) 14. Qxf5 Qf6 15. Qh5+ $1 g6 16. Bb5+ Bc6 17. Qe2 $16 {Black's
position again seems difficult to hold; she doesn't have time for Bg7 because
of Nd5.}) 13... Qd6 $1 14. Qxd6 exd6 15. f3 $1 {This was Hou Yifan's idea. She
retains the advantage as Black's bishop is trapped on h1.} d5 16. Be3 $1 d4 $1
17. Bxd4 O-O-O 18. Bxa7 Bg2 19. Kf2 Bh3 {Black's double pawn sacrifice serves
as a decoy for the dark squared bishop allowing her to bring her own trapped
bishop to the game.} 20. Bd3 f4 21. g4 $1 {The bishop is still in danger!} g6
22. Ne2 h5 23. Nxf4 hxg4 24. Nxg6 Rg8 25. Nf4 Rd6 {The smoke has basically
cleared and White's advantage is beyond doubt. Her powerful bishops and pawns
will be hard to play against.} 26. Be3 Be7 27. Bf5+ Kd8 28. Nxh3 gxh3 29. Bxh3
Bh4+ 30. Ke2 Bf6 31. c3 Rh8 32. Bf4 Rb6 33. Rd1+ Ke7 34. Rd7+ Ke8 35. Bg4 Rxb2+
{Black recovers one of her pawns but she is still down material and her king
is not very happy.} 36. Kd3 Rg8 37. Rc7 Rh8 38. a4 Rb6 39. Bd7+ Kd8 40. Bb5 Rh3
41. Rd7+ Kc8 42. Ke4 Rh4 43. Rf7 Kd8 44. Kf5 Be7 $1 {Keeping Black's hopes
alive.} 45. Be5 (45. Rxe7 $2 Rxf4+ 46. Kxf4 Kxe7 {leads nowhere.}) 45... Rh5+
46. Ke4 Rg6 47. f4 $1 {With the f5 threat looming it is hard to suggest
something for Black. She blunders in desperation.} Rxh2 $2 48. f5 Re2+ {
Dropping a full rook but the game was already over.} 49. Bxe2 1-0

[Event "German Masters (Women) 1st"]
[Site "Dresden"]
[Date "2014.11.18"]
[Round "2"]
[White "Hoolt, Sarah"]
[Black "Osmanodja, Filiz"]
[Result "0-1"]
[WhiteElo "2334"]
[BlackElo "2322"]
[Annotator "CB"]
[PlyCount "98"]
[EventDate "2014.11.17"]
[EventType "tourn"]
[EventRounds "9"]
[EventCountry "GER"]
[EventCategory "4"]
[SourceTitle "CBM 163 Extra"]
[Source "ChessBase"]
[SourceDate "2014.12.23"]
[SourceVersion "1"]
[SourceVersionDate "2014.12.23"]
[SourceQuality "1"]

1. e4 c5 2. d3 {eine Überraschung. Sarah geht jeder theoretischen Diskussion
aus dem Weg und tut zunächst gut daran.} d5 3. exd5 Qxd5 4. Nc3 Qd8 5. Nf3 Bg4
$2 (5... Nc6 {wäre besser gewesen.} 6. g3 Nf6 7. Bg2 e6 8. O-O Be7 9. Bf4 {
mit einer ungefähr ausgeglichenen Stellung.}) 6. h3 Bh5 (6... Bxf3 7. Qxf3 Nc6
{wäre noch das kleinere Übel gewesen.}) 7. g4 Bg6 8. Ne5 Nd7 (8... Nc6 {
schwer zu erklären, dass dieser Zug noch am Besten sein soll. Aber die Engine
spuckt diesen Zug als Favorit aus.} 9. Nxc6 (9. Bf4 Nxe5 10. Bxe5) 9... bxc6
10. Be3 e6 11. Bg2 {mit sehr guter weißer Stellung.}) 9. Nc4 Nb6 10. Bf4 Nd5
11. Qf3 Nxf4 12. Qxf4 f6 13. Bg2 Qd7 14. Na5 e5 15. Qa4 Qxa4 16. Nxa4 Rb8 17.
Bxb7 {und der Bauer ist weg.} Kd7 18. Bg2 Rb4 19. b3 h5 20. Nc6 (20. Nc4 hxg4
21. hxg4 Rxh1+ 22. Bxh1 Nh6 23. g5 {wäre etwas solider gewesen, aber 20.Sc6
sieht eben auch sehr verlockend aus.}) 20... Rf4 21. gxh5 Rxh5 22. Nxa7 e4 23.
dxe4 Rg5 24. O-O-O+ Kc7 25. Rhg1 Rxf2 26. Bh1 (26. Nb5+ {hier muss ich zum
großen Teil auf die Engine vertrauen und die sagt, dass dies der einzige Zug
gewesen wäre, der den Vorteil hält. Ich kann gut nachfühlen, wie schwer es
ist in der Partie, mit dem Druck der besseren Stellung, aus diesem Labyrinth
der Möglichkeiten rauszukommen.}) 26... Rxg1 27. Rxg1 Be8 28. e5 fxe5 29. Kb2
Nf6 30. Rg5 e4 31. Nxc5 Bxc5 32. Rxc5+ Kb6 33. Rg5 (33. Rc4 {gibt wohl die
besten Remischancen in dieser Stellung, da der e-Bauer in der Partie doch
recht gefährlich wird. Das hatte Filiz in der anschließenden Analyse auf
schach.de festgestellt.} Kxa7 34. Bxe4 Bb5 35. Rb4 Ba6 36. Bg6 $15) 33... Kxa7
34. Rxg7+ Kb6 35. Re7 Bg6 36. a4 Bf5 37. Re5 (37. b4 $1 {diesen Zug erwähnte
Sarah beim Abendessen als möglichen Remiszug, in dieser Stellung mit weniger
werdender Bedenkzeit jedoch nicht den logischen Zug, der in der Partie kam, zu
machen, ist alles andere als einfach.}) 37... Kc6 38. a5 Rf4 (38... Kd6 $6 {
Filiz gab in der Analyse zu, dass sie erst relativ spät gesehen hat, dass
dieser Zug nach} 39. a6 {zu Problemen führt, da Schwarz nicht den Turm
schlagen darf.} Kxe5 40. a7 {un der Bauer ist durch, auch wenn Schwarz genug
Gegenspiel hat um den Ausgleich zu halten.} Rh2 41. a8=Q Rxh1 42. b4 Rxh3 $11)
39. Bg2 {wieder wäre b4 eine Option gewesen.} Bc8 40. b4 (40. Kc3 {die letzte
Chance die Partie zu einer Punkteteilung zu führen, die Passivität des
Königs rächte sich später.} Kd6 41. Rg5 Nd5+ 42. Kb2 {denn nun geht kein e3!
}) 40... Kd6 {und die Stellung ist vorbei.} 41. Rg5 e3 42. Kc1 Ne4 43. Bxe4
Rf1+ 44. Kb2 e2 45. Rg6+ Be6 46. Rxe6+ Kxe6 47. Bd3 e1=Q 48. Bxf1 Qxf1 49. Kb3
Kd5 0-1

[Event "Poikovsky Karpov 16th"]
[Site "Poikovsky"]
[Date "2015.10.03"]
[Round "5"]
[White "Morozevich, Alexander"]
[Black "Sutovsky, Emil"]
[Result "0-1"]
[WhiteElo "2711"]
[BlackElo "2635"]
[Annotator "CB"]
[PlyCount "44"]
[EventDate "2015.09.28"]
[EventType "tourn"]
[EventRounds "9"]
[EventCountry "RUS"]
[EventCategory "17"]
[SourceTitle "CBM 169"]
[Source "ChessBase"]
[SourceDate "2015.11.10"]
[SourceVersion "1"]
[SourceVersionDate "2015.11.10"]
[SourceQuality "1"]

1. g3 c5 2. Bg2 Nc6 3. e4 g6 4. f4 Bg7 5. d3 d6 6. Nf3 e5 7. O-O Nge7 8. c3 O-O
9. Na3 exf4 10. Bxf4 Ne5 11. Nc4 N7c6 {[#]} 12. Ne3 $2 {Stellt einfach eine
Figur ein. Der Lf4 hat keinen Rückzug.} Nxf3+ 13. Qxf3 g5 $19 {[#]} 14. Qh5
gxf4 15. Rxf4 h6 16. h4 Ne5 17. Raf1 Nxd3 18. Rxf7 Ne5 19. Rxf8+ Bxf8 20. Nf5
Qf6 21. Qe8 Qe6 22. Qd8 Nc6 (22... Nc6 23. Qc7 Qd7 $19) 0-1